000 00522nam a2200205Ia 4500
003 GCL
008 140319s9999 xx 000 0 eng d
040 _aGCL /
_cGCL
082 0 4 _a624
_bD M
100 1 _aLEFAIVRE, LIANE
245 1 0 _aMEMOTECH GENIE CIVIL /
_cLEFAIVRE, LIANE
700 1 _aDESTRAC, J.M
700 1 _aMALDEMI, Y
260 _a[S.N] :
_bCATEILLA ،
_c1996
300 _a437 P
650 0 4 _aالتحليل الرياضى
650 0 4 _aCIVIL ENGINEERING
650 0 4 _aARCHITECTURE
942 _2ddc
_cBK
999 _c16328
_d16328